Statistiques concernant Dragon Ball Z-Les sagas

Cliquez ici pour prendre le quiz!

Statistiques générales

  • Ce quiz a été pris 202 fois
  • Le résultat moyen est 4 sur 9

Statistiques - réponses

Saga% Correct
Cell
97%
Freezer
75%
Boo
73%
Namek
71%
Cyborgs
70%
Cell Game
12%
Saiyens
11%
Great Saiyaman
6%
Babidi et Boo
1%

Distribution des résultats

Percentile par nombre de réponses

% des personnes avec chaque résultat

Votre développement - résultats

Vous n’avez pas pris ce quiz